000 00592nas a2200217 4500
001 BR9104207
003 BR-BrBNA
005 20231205092147.0
007 ta
008 230509b bl.|||p| |||| 00| 00por d
040 _aBR-BrBNA
_bpor
_cBiblioteca Nacional de Agricultura
041 _a(Pt)
072 _aF01
100 1 _aAnon.
245 1 _aMuitas causas e um so efeito [sapoti]
650 _aSAPOTI
650 _aPLANTIO
773 0 _tGlobo Rural (Brazil)
_xISSN 0102-6178
_g(Apr 1989), v. 4(42) p. 47
_wBR9104207
909 _a202311
_bLúcia
_c55
_dLúcia Elande
942 _2AGRIS
_n0
_cANA
999 _c129760
_d129760